[Event "DEM U16 2014"]
[Site "Magdeburg GER"]
[Date "2014.06.10"]
[Round "4"]
[White "Beeck, Mats"]
[Black "Scheinhütte, Jakob"]
[Result "1-0"]
[Termination "normal"]
[Board "11"]
[WhiteElo "1877"]
[BlackElo "1761"]
[PlyCount "61"]
[WhiteFideId "12936944"]
[BlackFideId "24693944"]
[EventCountry "GER"]
[EventRounds "9"]
[EventType "swiss"]
[EventDate "2014.06.07"]

1. d4 Nf6 2. c4 g6 3. Nc3 Bg7 4. e4 O-O 5. Be3 d6 6. f3 Nc6 7. Nge2 Re8 8. Qd2
Bd7 9. g4 e5 10. O-O-O exd4 11. Nxd4 Bc8 12. h4 h5 13. g5 Nd7 14. Be2 Nde5 15.
Rhg1 a6 16. Kb1 Bd7 17. f4 Ng4 18. Bxg4 Bxg4 19. Rdf1 Bd7 20. f5 Ne5 21. Qe2 c6
22. Nf3 b5 23. Nxe5 Bxe5 24. Qf2 Rf8 25. Bd4 Qe7 26. Ne2 bxc4 27. Nf4 Kh7 28.
Nxh5 gxh5 29. Bxe5 Qxe5 30. Qe2 Rab8 31. g6+ 1-0

[Event "DEM U16 2014"]
[Site "Magdeburg GER"]
[Date "2014.06.10"]
[Round "4"]
[White "Peters, Tom"]
[Black "Bohlsen, Linus"]
[Result "0-1"]
[Termination "normal"]
[Board "12"]
[WhiteElo "1931"]
[BlackElo "1888"]
[PlyCount "102"]
[WhiteFideId "24694444"]
[BlackFideId "12958093"]
[EventCountry "GER"]
[EventRounds "9"]
[EventType "swiss"]
[EventDate "2014.06.07"]

1. e4 c5 2. Nf3 d6 3. Bb5+ Nd7 4. c3 Ngf6 5. d3 g6 6. O-O Bg7 7. Be3 O-O 8.
Nbd2 a6 9. Bc4 b5 10. Bb3 Bb7 11. Qe2 Qc7 12. Bf4 Nh5 13. Bg5 Ndf6 14. h3 h6
15. g4 hxg5 16. gxh5 Nxh5 17. Nxg5 Bf6 18. f4 c4 19. dxc4 Ng3 20. Qg4 Nxf1 21.
Rxf1 bxc4 22. Bxc4 d5 23. Bb3 Qc5+ 24. Kh2 Bc8 25. Qh4 Bxg5 26. fxg5 Qd6+ 27.
Kg1 Be6 28. Bc2 Rab8 29. b4 Qb6+ 30. Rf2 Rbc8 31. c4 dxc4 32. Nf1 Rcd8 33. Qh6
Qd4 34. Ng3 Qa1+ 35. Kg2 Qg7 36. Qh4 Qh7 37. Qf4 Qxh3+ 38. Kf3 Qh7 39. Nf5 Bxf5
40. exf5 Qh5+ 41. Kg3 gxf5 42. Bxf5 Qh8 43. Rh2 Qc3+ 44. Kg4 Rd1 45. Rg2 e5 46.
Qh2 Qd4+ 47. Kh5 Kg7 48. Bh7 Qf4 49. Qh3 Rd3 50. Bxd3 Rh8+ 51. Bh7 Rxh7# 0-1

[Event "DEM U16 2014"]
[Site "Magdeburg GER"]
[Date "2014.06.10"]
[Round "4"]
[White "Tesch, Davy"]
[Black "Herdzik, Matthias"]
[Result "0-1"]
[Termination "normal"]
[Board "13"]
[WhiteElo "1744"]
[BlackElo "1899"]
[PlyCount "87"]
[WhiteFideId "24679917"]
[BlackFideId "12983241"]
[EventCountry "GER"]
[EventRounds "9"]
[EventType "swiss"]
[EventDate "2014.06.07"]

1. d4 d5 2. Nf3 Nf6 3. e3 Bg4 4. Be2 Nbd7 5. Nbd2 e6 6. Ne5 Bxe2 7. Qxe2 Bd6 8.
f4 c5 9. c3 Qc7 10. O-O O-O 11. g4 Rfd8 12. g5 Ne8 13. Qg4 Nf8 14. Kf2 b5 15.
h4 b4 16. h5 g6 17. Ndf3 bxc3 18. bxc3 cxd4 19. cxd4 Bxe5 20. Nxe5 Qc3 21. hxg6
fxg6 22. Rb1 Qc2+ 23. Bd2 Qxd2+ 24. Kf3 Nd6 25. Rf2 Qa5 26. Rh2 Nf5 27. Rb7 Qc3
28. Qg1 Nxd4+ 29. Kg4 Nf5 30. Rh3 d4 31. Qh1 Nxe3+ 32. Kg3 Nd1+ 33. Kg2 Qd2+
34. Kg3 Nf2 35. Rg7+ Kxg7 36. Qb7+ Nd7 37. Nxd7 Qe3+ 38. Kg2 Qxh3+ 39. Kxf2
Qh2+ 40. Ke1 Qg3+ 41. Kd1 Qd3+ 42. Ke1 Qc3+ 43. Kd1 Qc8 44. Qxc8 0-1

[Event "DEM U16 2014"]
[Site "Magdeburg GER"]
[Date "2014.06.10"]
[Round "4"]
[White "Scheftlein, Richard"]
[Black "Geue, Niklas"]
[Result "1-0"]
[Termination "normal"]
[Board "14"]
[WhiteElo "1957"]
[BlackElo "1892"]
[PlyCount "79"]
[WhiteFideId "12945609"]
[BlackFideId "12961043"]
[EventCountry "GER"]
[EventRounds "9"]
[EventType "swiss"]
[EventDate "2014.06.07"]

1. c4 e5 2. Nc3 Nc6 3. g3 f5 4. Bg2 Nf6 5. e3 Be7 6. Nge2 O-O 7. d4 d6 8. O-O
Qe8 9. a3 Qh5 10. b4 a6 11. Nd5 Bd8 12. Nec3 Qh6 13. b5 axb5 14. cxb5 Ne7 15.
Nxf6+ Qxf6 16. a4 Kh8 17. Bb2 c6 18. dxe5 dxe5 19. Qc2 Bb6 20. Ne2 Bd7 21. Qc3
cxb5 22. a5 Bd8 23. Bxb7 Ra7 24. a6 Bb6 25. Qxe5 Qxe5 26. Bxe5 Nc6 27. Bd6 Re8
28. Rfc1 Nd8 29. Bc7 Bxc7 30. Rxc7 Be6 31. Nd4 Bc4 32. Nxf5 Ne6 33. Re7 Rd8 34.
Nd6 Nc5 35. Nc8 Rxc8 36. Bxc8 Rxe7 37. a7 Bd5 38. Bb7 Rxb7 39. a8=Q+ Bg8 40.
Qc8 1-0

[Event "DEM U16 2014"]
[Site "Magdeburg GER"]
[Date "2014.06.10"]
[Round "5"]
[White "Sawlin, Leonid"]
[Black "Schröder, Jan-Christian"]
[Result "1/2-1/2"]
[Termination "normal"]
[Board "1"]
[BlackTitle "FM"]
[WhiteElo "2141"]
[BlackElo "2372"]
[WhiteClock "00:57:27"]
[BlackClock "01:23:30"]
[PlyCount "41"]
[WhiteFideId "4689542"]
[BlackFideId "24662259"]
[EventCountry "GER"]
[EventRounds "9"]
[EventType "swiss"]
[EventDate "2014.06.07"]

1. e4 d6 2. d4 Nf6 3. Nc3 e5 4. Nf3 Nbd7 5. Bc4 Be7 6. O-O O-O 7. Re1 a6 8. a4
b6 9. b3 Bb7 10. Bb2 c6 11. Bd3 Re8 12. Ne2 Bf8 13. Ng3 g6 14. Qd2 Bg7 15. Rad1
Qc7 16. Bf1 Rad8 17. dxe5 dxe5 18. h3 b5 19. Bc3 Nc5 20. Qe3 Nfd7 21. Ra1
1/2-1/2

[Event "DEM U16 2014"]
[Site "Magdeburg GER"]
[Date "2014.06.10"]
[Round "5"]
[White "Pfreundt, Jakob"]
[Black "Gretz, Denis"]
[Result "0-1"]
[Termination "normal"]
[Board "2"]
[WhiteElo "1982"]
[BlackElo "2021"]
[WhiteClock "00:01:14"]
[BlackClock "00:07:34"]
[PlyCount "72"]
[WhiteFideId "12918156"]
[BlackFideId "12945188"]
[EventCountry "GER"]
[EventRounds "9"]
[EventType "swiss"]
[EventDate "2014.06.07"]

1. d4 d5 2. c4 e6 3. Nf3 c6 4. Qc2 Nd7 5. g3 Ngf6 6. Bg2 dxc4 7. Qxc4 Bd6 8.
Bf4 Bxf4 9. gxf4 Nd5 10. e3 c5 11. O-O cxd4 12. Qxd4 O-O 13. Nc3 Nxc3 14. Qxc3
Qe7 15. Rac1 Nb6 16. Qc5 Qxc5 17. Rxc5 Nd5 18. Nd2 b6 19. Bxd5 exd5 20. Rxd5
Be6 21. Rd4 Rac8 22. b3 Rc2 23. Ra1 Rfc8 24. Kg2 g6 25. e4 Rb2 26. e5 Rcc2 27.
Ne4 Bf5 28. Nf6+ Kg7 29. Rf1 Bc8 30. Rd8 Ba6 31. Rg8+ Kh6 32. Rh8 Bxf1+ 33. Kg1
g5 34. f5 g4 35. f4 gxf3 36. h4 Rg2+ 0-1

[Event "DEM U16 2014"]
[Site "Magdeburg GER"]
[Date "2014.06.10"]
[Round "5"]
[White "Kollars, Dmitrij"]
[Black "Wilhelm, Till"]
[Result "1-0"]
[Termination "normal"]
[Board "3"]
[WhiteElo "2191"]
[BlackElo "1994"]
[WhiteClock "00:17:54"]
[BlackClock "00:07:53"]
[PlyCount "50"]
[WhiteFideId "12909572"]
[BlackFideId "12942391"]
[EventCountry "GER"]
[EventRounds "9"]
[EventType "swiss"]
[EventDate "2014.06.07"]

1. c4 Nf6 2. g3 g6 3. Bg2 Bg7 4. Nc3 O-O 5. e4 d6 6. Nge2 e5 7. O-O Nc6 8. d3
Be6 9. h3 Nh5 10. Be3 f5 11. exf5 gxf5 12. f4 Kh8 13. Kh2 Rb8 14. Qd2 a6 15. b3
Nd4 16. fxe5 Nxe2 17. Nxe2 dxe5 18. Ba7 f4 19. Bxb8 Qxb8 20. g4 Nf6 21. Bf3 Qe8
22. Nc3 Qg6 23. Rg1 Rd8 24. Rad1 Bh6 25. Qe2 Ng8 1-0

[Event "DEM U16 2014"]
[Site "Magdeburg GER"]
[Date "2014.06.10"]
[Round "5"]
[White "Schmekel, Florian"]
[Black "Mager, Denis"]
[Result "1/2-1/2"]
[Termination "normal"]
[Board "6"]
[WhiteElo "1771"]
[BlackElo "2138"]
[WhiteClock "00:34:58"]
[BlackClock "00:19:06"]
[PlyCount "59"]
[WhiteFideId "12913456"]
[BlackFideId "24691127"]
[EventCountry "GER"]
[EventRounds "9"]
[EventType "swiss"]
[EventDate "2014.06.07"]

1. d4 d6 2. e4 Nd7 3. c4 e5 4. d5 Nc5 5. Nc3 a5 6. Bd3 Nf6 7. Bc2 Bd7 8. Be3 b6
9. f3 Be7 10. Nge2 O-O 11. O-O Nh5 12. g4 Nf6 13. Ng3 Ne8 14. Qd2 g6 15. b3 Ng7
16. Bh6 Bh4 17. Nce2 f6 18. Bxg7 Kxg7 19. Kg2 Qe7 20. h3 b5 21. Nc3 bxc4 22.
bxc4 f5 23. exf5 Bxg3 24. f6+ Rxf6 25. Kxg3 Raf8 26. Ne4 Nxe4+ 27. Bxe4 a4 28.
Kg2 Rf4 29. Qe1 Qg5 30. Qg3 1/2-1/2

[Event "DEM U16 2014"]
[Site "Magdeburg GER"]
[Date "2014.06.10"]
[Round "5"]
[White "Grigorian, Spartak"]
[Black "Niegsch, Nicolas"]
[Result "1/2-1/2"]
[Termination "normal"]
[Board "7"]
[WhiteElo "2186"]
[BlackElo "2005"]
[WhiteClock "00:07:49"]
[BlackClock "00:09:45"]
[PlyCount "65"]
[WhiteFideId "24661490"]
[BlackFideId "12932140"]
[EventCountry "GER"]
[EventRounds "9"]
[EventType "swiss"]
[EventDate "2014.06.07"]

1. d4 Nf6 2. c4 c5 3. d5 e6 4. Nc3 exd5 5. cxd5 Bd6 6. Nf3 O-O 7. Bg5 Re8 8. e3
Bf8 9. Bd3 d6 10. Qc2 h6 11. h4 a6 12. a4 Nbd7 13. a5 Rb8 14. g4 b5 15. Rg1 c4
16. Bh7+ Kh8 17. Nd4 hxg5 18. Nc6 Qc7 19. hxg5 Nxh7 20. g6 Nc5 21. O-O-O Nd3+
22. Rxd3 cxd3 23. Qxd3 Nf6 24. g5 Nh5 25. Rh1 Bg4 26. Rh4 Kg8 27. Rxg4 fxg6 28.
Qxg6 Qf7 29. Qxf7+ Kxf7 30. Nxb8 Rxb8 31. Ne2 Rc8+ 32. Kd2 g6 33. b3 1/2-1/2

[Event "DEM U16 2014"]
[Site "Magdeburg GER"]
[Date "2014.06.10"]
[Round "5"]
[White "Borchert, René"]
[Black "Richter, Leonard"]
[Result "1/2-1/2"]
[Termination "normal"]
[Board "8"]
[WhiteElo "2008"]
[BlackElo "2127"]
[WhiteClock "00:06:35"]
[BlackClock "00:08:27"]
[PlyCount "121"]
[WhiteFideId "12990671"]
[BlackFideId "12900290"]
[EventCountry "GER"]
[EventRounds "9"]
[EventType "swiss"]
[EventDate "2014.06.07"]

1. e4 c5 2. c3 Nf6 3. e5 Nd5 4. Nf3 Nc6 5. d4 cxd4 6. cxd4 e6 7. Bd3 d6 8. O-O
Bd7 9. a3 Be7 10. Re1 Rc8 11. Nbd2 dxe5 12. dxe5 Qc7 13. Nf1 O-O 14. Qc2 g6 15.
Qe2 Rfd8 16. Ng3 Be8 17. Qe4 Na5 18. Bg5 Nb3 19. Rad1 Bxg5 20. Nxg5 h6 21. Nf3
Qe7 22. Qg4 Nc5 23. Bb1 Nb6 24. Nh5 Rxd1 25. Rxd1 Ncd7 26. Bd3 Rc5 27. Qg3 Kh8
28. Qf4 Qf8 29. Nf6 Nd5 30. Nxd5 Rxd5 31. Bc2 Rxd1+ 32. Bxd1 a6 33. b4 Qg7 34.
Qe4 g5 35. h3 Qh7 36. Bc2 Qxe4 37. Bxe4 b6 38. Bc6 Kg7 39. Nd2 Kf8 40. Bxd7
Bxd7 41. g3 Bb5 42. f4 gxf4 43. gxf4 Kg7 44. Kf2 Kg6 45. Ne4 Bd3 46. Nd6 a5 47.
bxa5 bxa5 48. Nb7 a4 49. Nd6 f6 50. Ke3 Bf1 51. f5+ exf5 52. e6 Bxh3 53. e7 f4+
54. Kxf4 Bd7 55. e8=B+ Bxe8 56. Nxe8 Kf7 57. Nc7 Ke7 58. Nb5 Kd7 59. Nc3 Kc6
60. Nxa4 h5 61. Nb2 1/2-1/2

[Event "DEM U16 2014"]
[Site "Magdeburg GER"]
[Date "2014.06.10"]
[Round "5"]
[White "Schmidt, Tobias"]
[Black "Beeck, Mats"]
[Result "1/2-1/2"]
[Termination "normal"]
[Board "9"]
[WhiteElo "2005"]
[BlackElo "1877"]
[PlyCount "62"]
[WhiteFideId "1271683"]
[BlackFideId "12936944"]
[EventCountry "GER"]
[EventRounds "9"]
[EventType "swiss"]
[EventDate "2014.06.07"]

1. e4 e5 2. Nf3 Nc6 3. Bc4 Bc5 4. c3 Nf6 5. d4 exd4 6. cxd4 Bb4+ 7. Bd2 Bxd2+
8. Nbxd2 d5 9. exd5 Nxd5 10. O-O O-O 11. Ne5 Nce7 12. Ne4 f6 13. Nf3 c6 14. Re1
Re8 15. Nc5 b6 16. Ne4 Bg4 17. h3 Bh5 18. Ng3 Bf7 19. Rc1 Qd7 20. Qd2 Nf5 21.
Nxf5 Qxf5 22. Bd3 Qd7 23. Qc2 g6 24. a3 Rxe1+ 25. Rxe1 Nf4 26. Be4 Bd5 27. Rc1
Re8 28. b4 f5 29. Ne5 Bxe4 30. Nxd7 Bxc2 31. Rxc2 Nd5 1/2-1/2

[Event "DEM U16 2014"]
[Site "Magdeburg GER"]
[Date "2014.06.10"]
[Round "5"]
[White "Herdzik, Matthias"]
[Black "Bilchinski, Anton"]
[Result "0-1"]
[Termination "normal"]
[Board "10"]
[WhiteElo "1899"]
[BlackElo "1974"]
[PlyCount "48"]
[WhiteFideId "12983241"]
[BlackFideId "24615765"]
[EventCountry "GER"]
[EventRounds "9"]
[EventType "swiss"]
[EventDate "2014.06.07"]

1. e4 c5 2. Nf3 e6 3. d4 cxd4 4. Nxd4 a6 5. Bd3 Qc7 6. O-O Nf6 7. Qe2 d6 8. c4
Nbd7 9. Nc3 Be7 10. f4 O-O 11. Kh1 b6 12. Bd2 Re8 13. Rae1 e5 14. Nf5 Bf8 15.
g4 Nc5 16. Bc2 exf4 17. g5 Nfxe4 18. Nd5 Qa7 19. Qg4 Re5 20. Rxf4 Rxf5 21.
Rfxe4 Rxd5 22. Qh4 Rxd2 23. g6 hxg6 24. Re8 Bb7+ 0-1

[Event "DEM U16 2014"]
[Site "Magdeburg GER"]
[Date "2014.06.10"]
[Round "5"]
[White "Bohlsen, Linus"]
[Black "Scheftlein, Richard"]
[Result "1-0"]
[Termination "normal"]
[Board "11"]
[WhiteElo "1888"]
[BlackElo "1957"]
[PlyCount "97"]
[WhiteFideId "12958093"]
[BlackFideId "12945609"]
[EventCountry "GER"]
[EventRounds "9"]
[EventType "swiss"]
[EventDate "2014.06.07"]

1. d4 Nf6 2. c4 e6 3. Nc3 Bb4 4. e3 b6 5. Nge2 Bb7 6. a3 Be7 7. Ng3 d6 8. e4
Nbd7 9. Bd3 a6 10. Qe2 c5 11. d5 exd5 12. exd5 Ne5 13. Bc2 Bc8 14. O-O O-O 15.
Re1 Re8 16. b3 Ng6 17. Bb2 Bf8 18. Qd2 Ra7 19. Rxe8 Nxe8 20. Nd1 Be7 21. Ne3
Bf6 22. Bc3 Bxc3 23. Qxc3 Qf6 24. Qxf6 Nxf6 25. Re1 Ne7 26. Bf5 g6 27. Bxc8
Nxc8 28. Ng4 Kg7 29. Nxf6 Kxf6 30. Re8 Ne7 31. f4 Nf5 32. Ne4+ Kg7 33. Rd8 Nd4
34. Rxd6 Re7 35. Ng3 Nxb3 36. Rxb6 Nd2 37. d6 Rd7 38. Rxa6 f5 39. Rc6 Nxc4 40.
Rc7 Rxc7 41. dxc7 Nd6 42. Ne2 Kf7 43. Nc3 Ke7 44. Nb5 Nc8 45. Kf2 Kd7 46. Ke3
Nb6 47. Kd3 Kc6 48. a4 Kb7 49. a5 1-0

[Event "DEM U16 2014"]
[Site "Magdeburg GER"]
[Date "2014.06.10"]
[Round "5"]
[White "Grunau, Christoph"]
[Black "Müller, Max"]
[Result "1/2-1/2"]
[Termination "normal"]
[Board "12"]
[WhiteElo "2077"]
[BlackElo "1795"]
[PlyCount "53"]
[WhiteFideId "12929760"]
[BlackFideId "12900486"]
[EventCountry "GER"]
[EventRounds "9"]
[EventType "swiss"]
[EventDate "2014.06.07"]

1. e4 c5 2. Nf3 d6 3. Bb5+ Bd7 4. Bxd7+ Qxd7 5. O-O Nc6 6. c3 g6 7. d4 cxd4 8.
cxd4 Bg7 9. Nc3 Rc8 10. Re1 Na5 11. Qe2 e6 12. Bf4 a6 13. Rac1 Ne7 14. b3 b5
15. Qd2 Nb7 16. Bh6 O-O 17. Ne2 Rxc1 18. Rxc1 Rc8 19. Rxc8+ Qxc8 20. h4 Qc6 21.
Ng3 Qe8 22. Bxg7 Kxg7 23. Qg5 Ng8 24. h5 f6 25. Qc1 Qd7 26. hxg6 hxg6 27. Qc3
1/2-1/2

[Event "DEM U16 2014"]
[Site "Magdeburg GER"]
[Date "2014.06.10"]
[Round "5"]
[White "Scheinhütte, Jakob"]
[Black "Peters, Tom"]
[Result "0-1"]
[Termination "normal"]
[Board "13"]
[WhiteElo "1761"]
[BlackElo "1931"]
[PlyCount "47"]
[WhiteFideId "24693944"]
[BlackFideId "24694444"]
[EventCountry "GER"]
[EventRounds "9"]
[EventType "swiss"]
[EventDate "2014.06.07"]

1. e4 c5 2. Nf3 d6 3. c3 Nf6 4. h3 Nc6 5. Bd3 d5 6. e5 Nd7 7. Bb5 e6 8. O-O Qb6
9. Ba4 c4 10. d4 cxd3 11. Qxd3 Nc5 12. Qc2 Nxa4 13. Qxa4 Bd7 14. Qd1 Rc8 15.
Nbd2 Na5 16. Nd4 Nc4 17. Nxc4 Rxc4 18. Rb1 Rxc3 19. Be3 Rc8 20. Qg4 g6 21. Qe2
Qd8 22. Nf3 a6 23. Bg5 Be7 24. Bh6 0-1

[Event "DEM U16 2014"]
[Site "Magdeburg GER"]
[Date "2014.06.10"]
[Round "5"]
[White "Geue, Niklas"]
[Black "Tesch, Davy"]
[Result "1/2-1/2"]
[Termination "normal"]
[Board "14"]
[WhiteElo "1892"]
[BlackElo "1744"]
[PlyCount "50"]
[WhiteFideId "12961043"]
[BlackFideId "24679917"]
[EventCountry "GER"]
[EventRounds "9"]
[EventType "swiss"]
[EventDate "2014.06.07"]

1. e4 d5 2. exd5 Qxd5 3. Nc3 Qa5 4. d4 Nf6 5. Nf3 Bf5 6. Ne5 c6 7. Bc4 e6 8.
Qe2 Bb4 9. Bd2 Nbd7 10. O-O-O Nxe5 11. dxe5 Nd5 12. Nxd5 Bxd2+ 13. Rxd2 exd5
14. Bb3 O-O-O 15. g4 Bd7 16. h3 Rde8 17. Qf3 Qc7 18. Re2 Rxe5 19. Rxe5 Qxe5 20.
Qxf7 Re8 21. Qf3 Qd6 22. a3 a6 23. Kb1 Rf8 24. Qg3 Qf4 25. Qxf4 Rxf4 1/2-1/2

[Event "DEM U16 2014"]
[Site "Magdeburg GER"]
[Date "2014.06.11"]
[Round "6"]
[White "Perske, Thore"]
[Black "Schröder, Jan-Christian"]
[Result "1/2-1/2"]
[Termination "normal"]
[Board "1"]
[BlackTitle "FM"]
[WhiteElo "2219"]
[BlackElo "2372"]
[WhiteClock "00:28:57"]
[BlackClock "00:38:56"]
[PlyCount "83"]
[WhiteFideId "12902195"]
[BlackFideId "24662259"]
[EventCountry "GER"]
[EventRounds "9"]
[EventType "swiss"]
[EventDate "2014.06.07"]

1. e4 e5 2. Nf3 Nc6 3. Bb5 a6 4. Ba4 Nf6 5. O-O Be7 6. Qe2 b5 7. Bb3 O-O 8. c3
d6 9. Rd1 Na5 10. Bc2 c5 11. d4 Qc7 12. d5 Bd7 13. b3 Rfc8 14. h3 Nb7 15. c4 b4
16. a3 g6 17. Bg5 Qd8 18. Qd2 a5 19. a4 Nh5 20. Bh6 Bf8 21. Kh2 Bxh6 22. Qxh6
Qf6 23. Nbd2 Qf4+ 24. Qxf4 Nxf4 25. Ng1 Rf8 26. Rf1 f5 27. Rae1 Rae8 28. g3 Nh5
29. Bd1 Nf6 30. Bc2 Re7 31. Ngf3 Nh5 32. Kg2 Ng7 33. Nh2 Nd8 34. f4 exf4 35.
Rxf4 Nf7 36. Rff1 Rfe8 37. Nhf3 Ne5 38. Nh4 Nf7 39. Nhf3 g5 40. exf5 Bxf5 41.
Rxe7 Rxe7 42. Re1 1/2-1/2

[Event "DEM U16 2014"]
[Site "Magdeburg GER"]
[Date "2014.06.11"]
[Round "6"]
[White "Gretz, Denis"]
[Black "Sawlin, Leonid"]
[Result "0-1"]
[Termination "normal"]
[Board "2"]
[WhiteElo "2021"]
[BlackElo "2141"]
[WhiteClock "00:04:08"]
[BlackClock "00:18:41"]
[PlyCount "132"]
[WhiteFideId "12945188"]
[BlackFideId "4689542"]
[EventCountry "GER"]
[EventRounds "9"]
[EventType "swiss"]
[EventDate "2014.06.07"]

1. e4 e6 2. d4 d5 3. Nc3 Nf6 4. e5 Nfd7 5. f4 c5 6. Nf3 Nc6 7. Be3 Be7 8. Qd2
O-O 9. Be2 a6 10. O-O b5 11. Kh1 Qc7 12. a3 Bb7 13. Rad1 Rac8 14. Qe1 f6 15. f5
fxe5 16. fxe6 Nf6 17. dxe5 Nxe5 18. Nxe5 Qxe5 19. Bf3 b4 20. Na4 Qxe6 21. Bg5
Ne4 22. Bxe7 Qxe7 23. c4 dxc4 24. Qe2 Rxf3 25. Qxc4+ Rf7 26. Rxf7 Qxf7 27.
Qxf7+ Kxf7 28. Rd7+ Kf6 29. Rxb7 bxa3 30. bxa3 c4 31. Nb6 Rd8 32. g3 c3 33. Rc7
Rd2 34. Rc6+ Rd6 35. Rxd6+ Nxd6 36. Nd5+ Ke5 37. Nxc3 Kd4 38. Ne2+ Kc4 39. Kg2
Kb3 40. Kf3 Kxa3 41. Ke3 a5 42. Kd3 Kb3 43. Nc3 Nc4 44. Nb5 Ne5+ 45. Ke4 Nc4
46. Kd3 Ne5+ 47. Ke4 Nc6 48. Kd5 Nb4+ 49. Kc5 Nc2 50. g4 a4 51. g5 Na3 52. Nd4+
Kc3 53. h4 g6 54. Ne2+ Kd3 55. Nf4+ Ke4 56. Ne6 Nc2 57. Kc4 a3 58. Nc5+ Kf4 59.
Kb3 Nd4+ 60. Kxa3 Kf5 61. Nd7 Ne6 62. Nf6 h5 63. Kb4 Nxg5 64. hxg5 h4 65. Nd5
Ke4 66. Nc3+ Ke5 0-1

[Event "DEM U16 2014"]
[Site "Magdeburg GER"]
[Date "2014.06.11"]
[Round "6"]
[White "Baskin, Robert"]
[Black "Kollars, Dmitrij"]
[Result "0-1"]
[Termination "normal"]
[Board "3"]
[WhiteElo "2222"]
[BlackElo "2191"]
[WhiteClock "00:04:25"]
[BlackClock "00:08:50"]
[PlyCount "60"]
[WhiteFideId "24662402"]
[BlackFideId "12909572"]
[EventCountry "GER"]
[EventRounds "9"]
[EventType "swiss"]
[EventDate "2014.06.07"]

1. e4 e5 2. Nf3 Nc6 3. Bb5 a6 4. Ba4 Bc5 5. d3 d6 6. c3 Nf6 7. O-O O-O 8. Re1
Ba7 9. h3 Ne7 10. Nbd2 Ng6 11. Nf1 c6 12. Ng3 d5 13. exd5 Nxd5 14. d4 exd4 15.
Nxd4 Be6 16. Nxe6 fxe6 17. Ne4 Ngf4 18. Bxf4 Rxf4 19. Qd2 Qf8 20. Re2 Rd8 21.
Qc2 Qf5 22. Rae1 Rf8 23. Kh1 Bxf2 24. g4 Qg6 25. Nxf2 Qxc2 26. Rxc2 Rxf2 27.
Rxe6 Rxc2 28. Bxc2 Rf2 29. Bb3 Rxb2 30. Re7 Rxb3 0-1

[Event "DEM U16 2014"]
[Site "Magdeburg GER"]
[Date "2014.06.11"]
[Round "6"]
[White "Bingert, Tim Niklas"]
[Black "Mager, Denis"]
[Result "0-1"]
[Termination "normal"]
[Board "4"]
[WhiteElo "2122"]
[BlackElo "2138"]
[WhiteClock "00:00:00"]
[BlackClock "00:04:44"]
[PlyCount "237"]
[WhiteFideId "12917907"]
[BlackFideId "24691127"]
[EventCountry "GER"]
[EventRounds "9"]
[EventType "swiss"]
[EventDate "2014.06.07"]

1. e4 c5 2. Nf3 d6 3. Bb5+ Nc6 4. O-O Bd7 5. Re1 Nf6 6. c3 a6 7. Bf1 Bg4 8. d3
g6 9. h3 Bxf3 10. Qxf3 Bg7 11. Be3 Rc8 12. Nd2 O-O 13. g3 b5 14. Qd1 Nd7 15.
Nf3 Nb6 16. Rc1 Na4 17. Qd2 Qa5 18. Rc2 Ne5 19. Nxe5 dxe5 20. b3 Nb6 21. b4
cxb4 22. cxb4 Rxc2 23. bxa5 Rxd2 24. Bxd2 Na4 25. Rc1 Ra8 26. Be2 e6 27. Rc6
Bf8 28. Kf1 Nc5 29. Be3 Nb7 30. Rc7 Nxa5 31. Bb6 Bb4 32. a3 Bd2 33. Rc2 Nb3 34.
Rb2 Ba5 35. Rxb3 Bxb6 36. a4 Bd4 37. axb5 Rb8 38. Bd1 axb5 39. Rb1 Kf8 40. Ba4
b4 41. Bb3 Ke7 42. Ke2 Ra8 43. Bc4 Bc3 44. Ke3 Kd6 45. Ke2 Kc5 46. Kd1 Kd4 47.
Ke2 Ra3 48. Bb3 Ra6 49. g4 g5 50. Bc4 Ra8 51. Bb3 h5 52. gxh5 Rh8 53. Rg1 Rxh5
54. Rg3 Kc5 55. Rf3 Rh7 56. Rg3 Kd6 57. Rxg5 Rxh3 58. Rg7 Ke7 59. Rg1 Bd4 60.
Bc4 Rh2 61. Rf1 Rh3 62. Rb1 Bc5 63. Rg1 Kf6 64. Kf1 Rh2 65. Rg2 Rh8 66. Ke2 Rh1
67. Kd2 Rb1 68. Kc2 Rf1 69. d4 b3+ 70. Kxb3 Rb1+ 71. Kc2 Rb4 72. dxc5 Rxc4+ 73.
Kd3 Rxc5 74. Rg8 Ra5 75. f3 Ra3+ 76. Ke2 Ke7 77. Rb8 Ra2+ 78. Ke3 Rg2 79. Rb7+
Kf6 80. Rb5 Rg5 81. Kf2 Kg6 82. Ra5 Rh5 83. Kg2 Kf6 84. Rb5 Rg5+ 85. Kf2 Ke7
86. Rb7+ Kf8 87. Ra7 f5 88. Ra5 fxe4 89. fxe4 Kf7 90. Kf3 Kf6 91. Ra8 Rg7 92.
Rh8 Rg1 93. Rh6+ Ke7 94. Rh7+ Kd6 95. Ra7 Rb1 96. Ra6+ Ke7 97. Ra3 Rh1 98. Kg3
Rf1 99. Ra5 Kf6 100. Ra8 Rf4 101. Rf8+ Kg5 102. Rg8+ Kh6 103. Re8 Rxe4 104.
Rxe6+ Kg5 105. Kf3 Rf4+ 106. Ke3 Kf5 107. Re8 Re4+ 108. Kf3 Rc4 109. Rf8+ Ke6
110. Ra8 Kd5 111. Rd8+ Ke6 112. Ra8 Rb4 113. Ra5 Kf5 114. Rc5 Rb3+ 115. Ke2 Kf4
116. Rc4+ e4 117. Rc2 Rh3 118. Kf1 Kf3 119. Kg1 0-1

[Event "DEM U16 2014"]
[Site "Magdeburg GER"]
[Date "2014.06.11"]
[Round "6"]
[White "Wilhelm, Till"]
[Black "Pfreundt, Jakob"]
[Result "1/2-1/2"]
[Termination "normal"]
[Board "5"]
[WhiteElo "1994"]
[BlackElo "1982"]
[WhiteClock "00:18:37"]
[BlackClock "00:19:07"]
[PlyCount "57"]
[WhiteFideId "12942391"]
[BlackFideId "12918156"]
[EventCountry "GER"]
[EventRounds "9"]
[EventType "swiss"]
[EventDate "2014.06.07"]

1. d4 Nf6 2. Bg5 c5 3. d5 Ne4 4. Bc1 g6 5. f3 Nd6 6. e4 Bg7 7. c4 O-O 8. Nc3 f5
9. Bd3 Na6 10. exf5 Nxf5 11. Bxf5 Rxf5 12. Nge2 d6 13. O-O Nc7 14. Ng3 Rf8 15.
Re1 Bd7 16. Bg5 Rf7 17. Qe2 Bf6 18. Nge4 Qf8 19. Nxf6+ exf6 20. Bf4 Re8 21. Qd2
g5 22. Bg3 Rxe1+ 23. Rxe1 Re7 24. Ne4 Ne8 25. h4 h6 26. hxg5 hxg5 27. Kf2 Rg7
28. Bh2 Rh7 29. Bg3 1/2-1/2